000
00524nam a2200169Ia 4500
008
090711s9999 xx 000 0 und d
082
_b
77582
100
_a
मांडरे सूर्यकांत
245
_a
विश्वकर्मा
260
_c
1995
300
_a
199
600
_a
मांडरे सूर्यकांत
630
_a
विश्वकर्मा
700
_a
मांडरे सूर्यकांत
730
_a
विश्वकर्मा
942
_c
BOOK
999
_c
317981
_d
317981